| 000 | 00491nam a2200157Ia 4500 | ||
|---|---|---|---|
| 008 | 210210b2002 xxu||||| |||| 00| 0 eng d | ||
| 020 | _a019562372 x | ||
| 082 | _a820.208 KART | ||
| 100 | _aKARNAD (Girish) and others. | ||
| 245 | _aThree modern Indian plays. | ||
| 260 |
_aNew Delhi _bOxford University Press _c2002 |
||
| 300 | _a86,78 | ||
| 650 | _aTughlaq Badal Sircar Evam Indrajit Vijay Tendulkar Silence The Court Is In Session | ||
| 690 | _aIndian English Drama | ||
| 906 | _a058864 | ||
| 999 |
_c106233 _d106233 |
||